00535nam a2200145Ia 4500008004100000020001500041040002900056050002100085100005000106245006800156260002800224942000700252952011500259999001500374230104s9999||||xx |||||||||||||| ||und|| a9966838104 cChuka University Library aQA 276bN37 2004 aNassiuma, Dankit.K and Mwangi W. Jesse.93321 0aStatistical methods for information analysis : an introduction  aEGERTON bNAKURU c2004 cBK 001040708LGLaCHKbCHKcGENd2023-01-04l0oQA.276.N37 2004p1201/2006r2023-01-04 00:00:00w2023-01-04yBK c5814d5814